| 000 | 00375nam a22001337a 4500 | ||
|---|---|---|---|
| 008 | 250307b |||||||| |||| 00| 0 eng d | ||
| 020 | _a97807001778 | ||
| 050 |
_aSF95.4 _b.P73 |
||
| 100 | _aOlupona J.A | ||
| 245 | _aPractical Micro Livestock Nutrition Grasscutter,Snail and Rabbit | ||
| 260 |
_aIbadan _bGreen Choice Agric Publication _cN.D |
||
| 300 | _aVII,67P | ||
| 942 | _cBK | ||
| 999 |
_c2174 _d2174 |
||